[Event "Saint Quentin op 4th"]
[Site "Saint Quentin"]
[Date "2001.04.21"]
[Round "8.42"]
[White "Rodriguez, Patrick"]
[Black "Sebagh, William"]
[Result "1/2-1/2"]
[WhiteElo "1650"]
[BlackElo "1730"]
[PlyCount "48"]
[EventDate "2001.04.15"]
[EventType "swiss"]
[EventRounds "9"]
[EventCountry "FRA"]
[SourceTitle "EXT 2002"]
[Source "ChessBase"]
[SourceDate "2001.11.25"]
[SourceVersion "1"]
[SourceVersionDate "2001.11.25"]
[SourceQuality "1"]

1. d4 d5 2. Nf3 Nf6 3. e3 c6 4. b3 Bg4 5. Bd3 Nbd7 6. Bb2 e6 7. Nbd2 Bd6 8. c4 e5 9. dxe5 Bxe5 10. Qc2 Bxb2 11. Qxb2 dxc4 12. Bxc4 0-0 13. 0-0 Nb6 14. Ne5 Nxc4 15. Ndxc4 Qc7 16. Rac1 Rad8 17. b4 a6 18. a4 Be6 19. b5 axb5 20. axb5 Bd5 21. bxc6 bxc6 22. Rfd1 Rb8 23. Qd4 Rfd8 24. Qf4 Re8 1/2-1/2

[Event "Saint Quentin op 4th"]
[Site "Saint Quentin"]
[Date "2001.04.16"]
[Round "3.33"]
[White "Lechifflart, Alain"]
[Black "Rodriguez, Patrick"]
[Result "1-0"]
[WhiteElo "1970"]
[BlackElo "1650"]
[PlyCount "75"]
[EventDate "2001.04.15"]
[EventType "swiss"]
[EventRounds "9"]
[EventCountry "FRA"]
[SourceTitle "EXT 2002"]
[Source "ChessBase"]
[SourceDate "2001.11.25"]
[SourceVersion "1"]
[SourceVersionDate "2001.11.25"]
[SourceQuality "1"]

1. d4 d5 2. Nf3 Nf6 3. c4 e6 4. Nc3 c6 5. Bf4 Be7 6. e3 0-0 7. Qc2 Nbd7 8. h3 a6 9. Bd3 dxc4 10. Bxc4 b5 11. Bd3 c5 12. 0-0 Bb7 13. Ne5 Rc8 14. Qe2 cxd4 15. exd4 Nb6 16. Rad1 Nbd5 17. Bd2 Qb6 18. Bg5 Rfd8 19. Bxf6 Nxf6 20. Bc2 Nd5 21. Bxh7+ Kxh7 22. Qh5+ Kg8 23. Qxf7+ Kh7 24. Nxd5 Bxd5 25. Qxe7 Bxa2 26. Qh4+ Kg8 27. Rfe1 Rc2 28. Rd3 Bd5 29. Rg3 Qc7 30. Nd3 Rf8 31. Re5 Rf7 32. Rh5 Rf5 33. Rh8+ Kf7 34. Rxg7+ Kxg7 35. Qh7+ Kf6 36. Rf8+ Kg5 37. Rg8+ Kf6 38. Rg6# 1-0

[Event "Saint Quentin op 4th"]
[Site "Saint Quentin"]
[Date "2001.04.15"]
[Round "1.22"]
[White "Castaignet, Laurent"]
[Black "Rodriguez, Patrick"]
[Result "1-0"]
[WhiteElo "2165"]
[BlackElo "1650"]
[PlyCount "93"]
[EventDate "2001.04.15"]
[EventType "swiss"]
[EventRounds "9"]
[EventCountry "FRA"]
[SourceTitle "EXT 2002"]
[Source "ChessBase"]
[SourceDate "2001.11.25"]
[SourceVersion "1"]
[SourceVersionDate "2001.11.25"]
[SourceQuality "1"]

1. e4 e6 2. d4 d5 3. e5 c5 4. c3 Qd7 5. Nf3 b6 6. a4 Ba6 7. Bxa6 Nxa6 8. Qe2 Nc7 9. 0-0 Ne7 10. a5 Nc6 11. axb6 axb6 12. Rxa8+ Nxa8 13. Qa6 Qa7 14. Qb5 Kd7 15. dxc5 bxc5 16. Be3 Nc7 17. Qe2 Qb7 18. b4 cxb4 19. cxb4 Bxb4 20. Nbd2 Bxd2 21. Qxd2 h6 22. Qc2 Rb8 23. Rc1 Ne8 24. h3 Rc8 25. Qa4 Ra8 26. Qf4 Nd8 27. Nd2 Nc7 28. Qg4 Ne8 29. Rb1 Qc7 30. Nf3 Nc6 31. Qh5 Nd8 32. Qh4 Qc4 33. Nd4 Rc8 34. g4 Nc6 35. Nxc6 Rxc6 36. Qh5 Ke7 37. Rc1 Qb5 38. Rf1 Rc4 39. g5 d4 40. gxh6 dxe3 41. h7 exf2+ 42. Kg2 Qd5+ 43. Kh2 Re4 44. h8Q Re1 45. Qh4+ Kd7 46. Qa4+ Kd8 47. Qaxe8+ 1-0